000 00898nas a2200289 4500
001 BR0905373
003 BR-BrBNA
005 20231205113641.0
007 ta
008 230509b bl.|||p| |||| 00| 00por d
040 _aBR-BrBNA
_bpor
_cBiblioteca Nacional de Agricultura
041 _a(Pt)
072 _aH20
100 1 _aBlood, R.R.Y.
100 1 _aRoveda, L.F.
100 1 _aMio, L.L.M. de
100 1 _aMoreira, L.M.
245 1 _aEficiência da aplicação em pré-colheita de clorotalonil, tiofanato metílico e tetraconazole no controle de podridão parda em pessegueiro
650 _aCONTROLE QUÍMICO
650 _aPRÉ-COLHEITA
650 _aPÊSSEGO
650 _aFUNGO
650 _aPODRIDÃO PARDA
773 0 _tScientia Agrária (Brazil)
_xISSN 1519-1125
_g(2007), v. 8(4) p. 455-458
_wBR0905373
909 _a202311
_bLúcia
_c55
_dLúcia Elande
942 _2AGRIS
_n0
_cANA
999 _c204885
_d204885